Sports Quiz

Random Sports or NBA Quiz

Nba value over replacement players (season) Quiz Stats

 Plays Quiz not verified by Sporcle

Score 0/50 Timer 05:00
0 Plays Today
VORP Player % Correct
3,21LeBron James
98%
2,95LeBron James
98%
2,95LeBron James
98%
2,74LeBron James
98%
2,40LeBron James
98%
2,35LeBron James
98%
2,28LeBron James
98%
2,79Michael Jordan
95.4%
2,75Michael Jordan
95.4%
2,71Michael Jordan
95.4%
2,67Michael Jordan
95.4%
2,52Michael Jordan
95.4%
2,18Michael Jordan
95.4%
2,24Kobe Bryant
93.4%
1,92Kobe Bryant
93.4%
2,33Shaquille O'neal
90.7%
1,93Shaquille O'neal
90.7%
2,08Magic Johnson
89.4%
1,99Magic Johnson
89.4%
2,93Larry Bird
88.7%
2,37Larry Bird
88.7%
2,00Larry Bird
88.7%
1,96Larry Bird
88.7%
3,52Tim Duncan
86.8%
1,97Kevin Durant
86.1%
VORP Player % Correct
2,64Dwyane Wade
84.1%
2,04Dwyane Wade
84.1%
2,77Hakeem Olajuwon
83.4%
2,22Stephen Curry
80.1%
2,51Kareem Abdul-Jabbar
79.5%
2,25Charles Barkley
79.5%
1,99Kareem Abdul-Jabbar
79.5%
2,11Kevin Garnett
78.1%
2,17Scottie Pippen
76.2%
2,11Scottie Pippen
76.2%
1,89Scottie Pippen
76.2%
2,43Dirk Nowitzki
72.2%
1,98Russell Westbrook
71.5%
2,31Isiah Thomas
70.9%
2,06Isiah Thomas
70.9%
2,11Clyde Drexler
67.5%
2,07Dwight Howard
57%
1,88Julius Erving
53%
2,00Ben Wallace
47.7%
1,99Pau Gasol
45.7%
1,93Pau Gasol
45.7%
2,10Chauncey Billups
44.4%
1,92Rajon Rondo
27.2%
2,08Manu Ginobili
21.2%
1,89Horace Grant
18.5%

You're not logged in!

Compare scores with friends on all Sporcle quizzes.
OR
Log In

Show Comments

Extras

Top Quizzes Today


Score Distribution

Your Account Isn't Verified!

In order to create a playlist on Sporcle, you need to verify the email address you used during registration. Go to your Sporcle Settings to finish the process.

Report this User

Report this user for behavior that violates our Community Guidelines.

Details: